000
00277nam a2200109Ia 4500
008
190914s9999||||xx |||||||||||||| ||und||
100
_a
Alan B. Albarran
245
0
_a
Management of Electronic Media
260
_a
New Delhi
_b
Tata McGraw Hill
_c
2003
300
_a
856
942
_c
BK
999
_c
9566
_d
9566